Visualizzazione normale
Vista MARC
- Evans Bill
di Personal Name
Records bibliografici associati: 1
001 - CONTROL NUMBER
- control field: 12325
003 - CONTROL NUMBER IDENTIFIER
- control field: IT-RoPau
005 - DATE AND TIME OF LATEST TRANSACTION
- control field: 20140205222019.0
008 - FIXED-LENGTH DATA ELEMENTS
- fixed length control field: 140205|| aca||aabn | a|a d
040 ## - CATALOGING SOURCE
- Original cataloging agency: IT-RoPau
- Transcribing agency: IT-RoPau
100 ## - HEADING--PERSONAL NAME
- Personal name: Evans Bill
- Miscellaneous information: Codice autore SPICS: 16457
- Relator term: Autore
- Name of part/section of a work: Silver Bells
670 ## - SOURCE DATA FOUND
- Source citation: Work cat.: (IT-RoPau)99684: AA.VV. 794, Buon Natale